000 00459cam a2200181ua 4500
020 _cRs 2.00
041 _ahin
_h
082 _a891.54
_bPOU/JW
100 _aPough, Frederick H .
245 _aJwalamukhi aur bhuchal ki kahani /
_cFrederick H Pough.
_hTextual Documents
250 _a2 /
_b.
260 _aDelhi :
_bRajapal yada sangei ,
_c1961.
300 _a127 ; .
365 _aRs 2.00
504 _a
942 _cBK
999 _c3449
_d3449